Petit Bac (Géographie) - Lettre K - Statistiques

Statistiques générales
  • Ce quiz a été pris 773 fois
  • Le résultat moyen est 7 sur 12
Statistiques - réponses
Thèmes Mots commençant par K % Correct
Pays d'Asie Kazakhstan / Kirghizistan / Koweït
96%
Pays d'Afrique Kenya
90%
Sommet de plus de 2 000 mètres de haut Kilimandjaro / K2 / Mont Kazbek/ Mont Kenya +24
88%
États des États-Unis Kentucky / Kansas
86%
Capitale asiatique Kuala Lumpur / Koweït / Kaboul / Katmandou
72%
Capitale africaine Kinshasa / Khartoum / Kampala / Kigali
60%
Pays insulaire Kiribati
60%
Ville de plus de 5 millions d'habitants Kinshasa / Kuala Lumpur / Khartoum / Karachi
58%
Commune de la France d'outre-mer Koungou / Kourou / Koné / Koumac / Kouaoua +2
30%
Ville allemande de plus de 50 000 habitants Kaiserslautern / Karlsruhe / Kiel / Krefeld
22%
Mer, océan ou golfe Mer de Kara / Kattegat / Mer de Koro +3
4%
Ville du Royaume Uni de plus de 50 000 habitants Kingswood / Kidderminster / Kingston upon Hull
3%
Aucun quiz correspondant
Distribution des résultats
% des personnes avec chaque résultat
Percentile par nombre de réponses
Votre historique - résultats
Vous n’avez pas pris ce quiz